| 000 | 00636nam a2200217 a 4500 | ||
|---|---|---|---|
| 001 | 2472034 | ||
| 005 | 20250123113556.0 | ||
| 008 | 900412s1991 iaua b 001 0 eng | ||
| 020 | _a9780697103925 | ||
| 050 | 0 | 0 |
_aRA776 _b.C33 1991 |
| 082 | 0 | 0 |
_a613 _220 |
| 100 | 1 | _aCarroll, Charles | |
| 245 | 1 | 0 |
_aHealth : _bthe science of human adaptation / _cCharles Carroll, Dean Miller. |
| 250 | _a5th ed. | ||
| 260 |
_aDubuque, IA : _bWm. C. Brown Publishers, _cc1991. |
||
| 300 |
_axvi, 581 p. : _bill. (some col.) ; _c26 cm. |
||
| 650 | 0 | _aHealth. | |
| 650 | 0 | _aHuman ecology. | |
| 700 | 1 | _aMiller, Dean F. | |
| 942 |
_2lcc _cBK _e5th ed. _n0 |
||
| 999 |
_c2906 _d2906 |
||